000 00619cam a2200229 4500
001
008 #DATE n2001 000 0 eng u
020 _a1860814816
035 _a(Sirsi) u113779
041 _aeng
050 _a693.5
100 _aCollins, R. J.
110 _aBuilding Research Establishment
245 _aPorous aggregates in concrete : jurassic limestones.
260 _aLondon
_bCRC Ltd
_c2001
300 _a8p. : ill. ; 30cm.
490 _aBRE Information Paper
_v9/01
520 _aReplaces IP2/86
650 _aCONCRETE
690 _aBUILT ENVIRONMENT-BUILDING MATERIALS
942 _n0
999 _c101559
_d101559